[Event "Marcio Eliseo de Freitas Cup"]
[Site "Rio de Janeiro"]
[Date "2015.12.16"]
[Round "3"]
[White "Violla Cunha, Mario"]
[Black "Borensztajn, David"]
[Result "1/2-1/2"]
[WhiteElo "2334"]
[BlackElo "2158"]
[PlyCount "47"]
[EventDate "2015.12.15"]
[EventType "swiss"]
[EventRounds "7"]
[EventCountry "BRA"]
[SourceTitle "EXT 2018"]
[Source "ChessBase"]
[SourceDate "2017.10.13"]
[SourceVersion "1"]
[SourceVersionDate "2017.10.13"]
[SourceQuality "1"]

1. Nf3 Nf6 2. g3 g6 3. Bg2 Bg7 4. 0-0 0-0 5. d3 d6 6. c4 c5 7. Nc3 Nc6 8. e4 e6 9. a3 a6 10. Rb1 Qc7 11. b4 Nd7 12. Ne2 b6 13. Bb2 e5 14. Bc1 Nd4 15. Nc3 Nf6 16. h3 h6 17. Nd5 Nxd5 18. exd5 Bd7 19. Nxd4 cxd4 20. a4 Qc8 21. Kh2 Re8 22. Qc2 a5 23. b5 h5 24. Bd2 1/2-1/2

[Event "Rio de Janeiro El Tronador 2nd"]
[Site "Rio de Janeiro"]
[Date "2015.07.15"]
[Round "5"]
[White "Violla Cunha, Mario"]
[Black "Cunha, Eduardo Arruda da G"]
[Result "1/2-1/2"]
[WhiteElo "2322"]
[BlackElo "2406"]
[PlyCount "32"]
[EventDate "2015.07.13"]
[EventType "tourn"]
[EventRounds "9"]
[EventCountry "BRA"]
[SourceTitle "EXT 2016"]
[Source "ChessBase"]
[SourceDate "2015.10.08"]
[SourceVersion "1"]
[SourceVersionDate "2015.10.08"]
[SourceQuality "1"]

1. e4 c6 2. d4 d5 3. exd5 cxd5 4. c3 Nc6 5. Nf3 Nf6 6. Bd3 Bg4 7. 0-0 e6 8. Bg5 Be7 9. Nbd2 0-0 10. Qc2 h6 11. Bxf6 Bxf6 12. h3 Bxf3 13. Nxf3 Rc8 14. Qe2 Re8 15. Bc2 a6 16. Qd3 g6 1/2-1/2